India after Independence 1947-2000 (Record no. 1848)

MARC details
000 -LEADER
fixed length control field 00306nam a2200121Ia 4500
008 - FIXED-LENGTH DATA ELEMENTS--GENERAL INFORMATION
fixed length control field 191201s2000 xx 000 0 und d
100 ## - MAIN ENTRY--PERSONAL NAME
Personal name CHANDRA, Bipin
245 #0 - TITLE STATEMENT
Title India after Independence 1947-2000
260 ## - PUBLICATION, DISTRIBUTION, ETC. (IMPRINT)
Place of publication, distribution, etc N.Delhi
Name of publisher, distributor, etc Penguin Book
Date of publication, distribution, etc 2000
300 ## - PHYSICAL DESCRIPTION
Extent 549
650 ## - SUBJECT ADDED ENTRY--TOPICAL TERM
Topical term or geographic name as entry element General Books
942 ## - ADDED ENTRY ELEMENTS (KOHA)
Source of classification or shelving scheme Dewey Decimal Classification
Koha item type Text Books
Holdings
Withdrawn status Lost status Source of classification or shelving scheme Damaged status Not for loan Collection code Home library Current library Shelving location Date acquired Source of acquisition Cost, normal purchase price Bill Number Total Checkouts Full call number Acc. no. / Barcode Date last seen Date last borrowed Bill Date Koha item type Public note
    Dewey Decimal Classification     IKS- Indian Knowledge System PIET C-LIBRARY PIET C-LIBRARY Ref. Sec. R02 22/08/2006 M/s UBS, Delhi 295.00 125382 1 954.03 CHI 3367 17/02/2020 13/02/2020 23/08/2005 Text Books Biography
    Dewey Decimal Classification     IKS- Indian Knowledge System PIET C-LIBRARY PIET C-LIBRARY Ref. Sec. R02 22/08/2006 M/s UBS, Delhi 295.00 125382   954.03 CHI 3368 04/12/2019   23/08/2005 Reference Books History and Culture

Design & Developed by: PIET Central Library
R70 Miles Stone Pattikalyana Samalkha Panipat 132102
mail ID :- [email protected], Phone No:- 0180-2569700 Ex.216